000 04792nam a22005417a 4500
005 20080724121717.0
008 080724t xxu||||| |||| 00| 0 eng d
010 _aB-280065-090
020 _a8178268086
_c110.00
035 _aB-280065-090
037 _bUBH
040 _aDPL
082 _a230.1
100 _aJain, Rajni
_948
245 _aGanesha
_cby Rajni Jain
260 _aDelhi
_bRohan Book
_c2004
300 _a100p.:
_bcol. ill.
_c25 cm (Hb)
942 _2ddc
_cCH
_mJAI
_h230.1
999 _c14580
_d14580